03519nam a2200553Ia 45000010005000000080041000050100009000460410014000550820014000692450215000832600013002983000008003115200007003196300023003266300025003496300014003746500024003886900024004127000027004367000038004637000040005017000047005419010087005889020006006759030081006819040018007629050036007809060006008169070014008229080014008369090038008509100015008889110010009039120014009139130009009279140026009369150019009629160009009819170009009909180014009999190023010135201870010369210007029069220007029139230006029209240014029269420010029409990015029502565241029s9999 xx 000 0 und d a2411 aEspañol aTS-00292  0aAnálisis de la gestión escolar en los Centros Educativos Públicos: Sector Sureste y Urania Montás, correspondientes al Distrito Educativo 02-05, del Municipio de San Juan de la Maguana, año 2007-2008. aSan Juan a127 a17 aCentros Educativos aDirectores de Centro aLiderazgo aGestión Educativa aCopiado sin cambios easesoraPaulino, Laura eautoraGonzález Peña, Idalina eautoraVidal Mateo , Julio César  easesoraZabala Moreta , Rubén Guillermo  a{"1":"González Peña","2":"Vidal Mateo "}b{"1":"Idalina","2":"Julio César "} a2 a{"1":"Zabala Moreta ","2":"Paulino"}b{"1":"Rubén Guillermo ","2":"Laura"} aMaestría en aGestión de Centros Educativos a2 aNO APLICA aNO APLICA aISFODOSU, Recinto Urania Montás aNULLbNULL a["1"] aNO APLICA aNULL a01 de Octubre de 2008 a03/11/19 08:11 aNULL aNULL aNO APLICA a["33","203","131"] aLa presente investigación, aborda la situación de la gestión escolar en los Centros Educativos Públicos del Nivel Básico Urania Montás y Sector Sureste del Municipio de San Juan de la Maguana, para la cual se ha tomado como punto de referencia, las teorías educativas sobre la gestión.El estudio parte del modelo teórico que concibe la gestión como un elemento determinante para lograr la calidad de los procesos educativos que se desarrollan con cada unidad escolar, por lo que, se fundamentó en indagar aspectos relacionados con el nivel de realización de las funciones directivas, liderazgo que se manifiesta y modelo de gestión asumido.A partir de las técnicas de encuesta, observación y diálogo informales con los principales actores del proceso educativo, que sirvieron como unidad de observación, se obtuvieron las informaciones pertinentes que fueron analizadas y respuestas con descriptores estadísticos y utilizando la metodología descriptiva de inclinación más cualitativa que cuantitativa.Atendiendo a los objetivos de esta investigación, se arribó a tres grandes conclusiones: en sentido general, los directores de los centros educativos que sirvieron de unidad de observación, cumplen con las funciones establecidas por la Gestión Escolar, el tipo de liderazgo que se manifiesta desde la dirección de los centros de estudio, puede ser definido como participativo, ya que, aún con debilidades en las actividades realizadas en la gestión, se evidencia que existe consenso entre todos los actores que componen la comunidad educativa para su planificación y toma de decisiones; los aspectos que caracterizan el modelo de gestión orientado por el Ministerio de Educación, son conocidos y promovidos por directivos y docentes de ambas escuelas, aunque se denota diferencia en su aplicación. a24 a24 a0 aNO APLICA cTesis c2411d2411